| 000 | 00749nam a2200229 a 4500 | ||
|---|---|---|---|
| 001 | 000028165 | ||
| 005 | 20260313090909.0 | ||
| 008 | 110407s2002 dr a 000 0 spa d | ||
| 040 |
_aDO-SdBNP _bspa _cBNPHU |
||
| 082 |
_a323 _bS487s |
||
| 100 | 1 |
_aSerrano, Mario _910385 |
|
| 245 | 1 | 3 |
_aLa sociedad civil : aportes y desafios / _cMario Serrano. |
| 260 |
_aSanto Domingo : _bBúho, _c2002. |
||
| 300 |
_a52 p. : _bil. ; _c21 cm. |
||
| 490 | 0 | _aCentro de estudios sociales Padre Juan Montalvo, SJ. | |
| 650 | 0 |
_aSociedad civil _950441 |
|
| 650 | 0 |
_aPobreza _91525 |
|
| 650 | 0 |
_aParticipación social _977777 |
|
| 830 | 0 |
_aCentro de estudios sociales Padre Juan Montalvo, SJ. _955163 |
|
| 910 | _aValidado. Control de calidad MFF | ||
| 049 | _aBNPD | ||
| 999 |
_c27657 _d27657 |
||